000 00510nam a2200181Ia 4500
999 _c14866
_d14866
003 OSt
005 20201103115213.0
008 190216s9999||||xx |||||||||||||| ||und||
020 _a9780143103769
040 _coclc
082 _a894.81437
_bMUR/D
100 _aMurty, Sudha
_95568
245 0 _aDollar Bahu /
_cSudha Murty
260 _bPenguin Books,
_c2007.
_aNew zealand:
300 _a142p
650 _aFiction English
942 _cBK
_2ddc
_h894.81437
_iMUR/D
_k894.81437
_mMUR/D